[Event "12. Open Internacional C. A. Villaverde"]
[Site "Madrid ESP"]
[Date "2010.04.19"]
[Round "1.2"]
[White "Rodriguez Bachiller, Luis"]
[Black "Ramirez Garcia, Jorge Alberto"]
[Result "0-1"]
[WhiteElo "1897"]
[BlackElo "2185"]
[PlyCount "58"]
[EventDate "2010.04.19"]
[EventType "swiss"]
[EventRounds "8"]
[EventCountry "ESP"]
[Source "lmi"]
[SourceDate "2010.04.19"]

1. e4 d5 2. Nc3 dxe4 3. Nxe4 Bf5 4. d3 e6 5. Be2 Be7 6. Nf3 Nf6 7. Ng3 Bg6 8.
Bd2 c5 9. Bc3 Nc6 10. Ne5 Nxe5 11. Bxe5 Qd5 12. Bxf6 Bxf6 13. Bf3 Qd7 14. O-O
O-O 15. Rb1 Rac8 16. Be4 Rfd8 17. Bxg6 hxg6 18. Qg4 c4 19. dxc4 Qa4 20. b3 Qxa2
21. Qe2 b5 22. Ne4 Bd4 23. Ng5 bxc4 24. Qf3 Bf6 25. Ne4 Qxc2 26. Nxf6+ gxf6 27.
Rfc1 Qa2 28. bxc4 Rxc4 29. Qxf6 Rdc8 0-1

[Event "12. Open Internacional C. A. Villaverde"]
[Site "Madrid ESP"]
[Date "2010.04.19"]
[Round "1.4"]
[White "Pozuelo Yuen, Fernando"]
[Black "Lopez-Andujar Ocaña, Antonio"]
[Result "0-1"]
[WhiteElo "1821"]
[BlackElo "2093"]
[PlyCount "78"]
[EventDate "2010.04.19"]
[EventType "swiss"]
[EventRounds "8"]
[EventCountry "ESP"]
[Source "lmi"]
[SourceDate "2010.04.19"]

1. e4 e5 2. Nf3 Nc6 3. d4 exd4 4. Bc4 Nf6 5. e5 Ng4 6. Bxf7+ Kxf7 7. Ng5+ Kg8
8. Qxg4 h6 9. Nf3 d6 10. e6 Qf6 11. O-O Bxe6 12. Qg3 Be7 13. c3 Bd5 14. Nxd4
Nxd4 15. cxd4 Qxd4 16. Nc3 Bc6 17. Bf4 Rf8 18. Rae1 Bd8 19. Bc1 Qh4 20. Qg6 Qf6
21. Qd3 Qf5 22. Qd4 Bf6 23. Qxa7 Bxc3 24. bxc3 Bb5 25. Re3 Bxf1 26. Rf3 Qc8 27.
Rxf8+ Kxf8 28. Kxf1 Kf7 29. a4 Rf8 30. Qd4 Kg8 31. Bb2 Qf5 32. c4 Qb1+ 33. Ke2
Re8+ 34. Kd2 Qe1+ 35. Kc2 Qe4+ 36. Kb3 Qxd4 37. Bxd4 Re4 38. Be3 Kf7 39. Kb4 d5
0-1

[Event "12. Open Internacional C. A. Villaverde"]
[Site "Madrid ESP"]
[Date "2010.04.19"]
[Round "1.5"]
[White "Vazquez Gonzalez, Jesus"]
[Black "Nieto Esteban, Manuel"]
[Result "1-0"]
[WhiteElo "2073"]
[BlackElo "1817"]
[PlyCount "37"]
[EventDate "2010.04.19"]
[EventType "swiss"]
[EventRounds "8"]
[EventCountry "ESP"]
[Source "lmi"]
[SourceDate "2010.04.19"]

1. e4 e5 2. Nc3 Nc6 3. f4 exf4 4. Nf3 Be7 5. Bc4 Nf6 6. d4 Nxe4 7. Bxf7+ Kxf7
8. Nxe4 d5 9. Nf2 Re8 10. O-O Bd6 11. Nd3 Kg8 12. Nxf4 Bg4 13. c3 Qd7 14. Qd3
Bf5 15. Qb5 Bxf4 16. Bxf4 Rab8 17. Rfe1 Rec8 18. Re3 Nd8 19. Re8+ 1-0

[Event "12. Open Internacional C. A. Villaverde"]
[Site "Madrid ESP"]
[Date "2010.04.19"]
[Round "1.6"]
[White "Keller, August"]
[Black "Martin Rodriguez, Emilio"]
[Result "1/2-1/2"]
[WhiteElo "1770"]
[BlackElo "2071"]
[PlyCount "66"]
[EventDate "2010.04.19"]
[EventType "swiss"]
[EventRounds "8"]
[EventCountry "ESP"]
[Source "lmi"]
[SourceDate "2010.04.19"]

1. e4 e6 2. d4 d5 3. Nc3 Nf6 4. exd5 exd5 5. Bd3 Nc6 6. Nge2 Be7 7. O-O a6 8.
Re1 Nb4 9. Bg5 O-O 10. Nf4 Nxd3 11. Qxd3 c6 12. Nh5 Be6 13. Nxf6+ Bxf6 14. Bxf6
Qxf6 15. Re5 g6 16. Na4 Rae8 17. Rae1 Bf5 18. Qf3 Rxe5 19. Rxe5 Qg5 20. Qd1 f6
21. Re7 Be4 22. g3 Qf5 23. Nc5 Bxc2 24. Qe2 Rf7 25. Rxf7 Kxf7 26. g4 Qc8 27.
Qxc2 b6 28. Nb3 Qxg4+ 29. Kf1 Qh3+ 30. Kg1 Qg4+ 31. Kf1 Qh3+ 32. Ke2 Qe6+ 33.
Kf1 Qh3+ 1/2-1/2

[Event "12. Open Internacional C. A. Villaverde"]
[Site "Madrid ESP"]
[Date "2010.04.19"]
[Round "1.7"]
[White "Fuentes Arjona, Antonio"]
[Black "Sierra Soria, Maria"]
[Result "1-0"]
[WhiteElo "2019"]
[BlackElo "1744"]
[PlyCount "81"]
[EventDate "2010.04.19"]
[EventType "swiss"]
[EventRounds "8"]
[EventCountry "ESP"]
[Source "lmi"]
[SourceDate "2010.04.19"]

1. e4 c5 2. Nf3 d6 3. d4 cxd4 4. Nxd4 Nf6 5. f3 a6 6. c4 e6 7. Be3 Be7 8. Nc3
Qc7 9. Qd2 Nbd7 10. Be2 b6 11. Rc1 Bb7 12. O-O Rc8 13. Rfd1 O-O 14. Bf1 Rfd8
15. Qf2 Qb8 16. Na4 Bf8 17. Nb3 b5 18. cxb5 axb5 19. Nb6 Rxc1 20. Rxc1 Ne5 21.
Bxb5 d5 22. exd5 Nxd5 23. Nxd5 Bxd5 24. Nd4 Bd6 25. b3 Ng6 26. g3 Ne5 27. Be2
Qa8 28. f4 Nd7 29. Bf3 Bxf3 30. Nxf3 Nf6 31. h3 Ne4 32. Qg2 Ba3 33. Rc4 Qd5 34.
Kh2 Qd3 35. Bb6 Rb8 36. Ne5 Qd5 37. Qxe4 Qxe4 38. Rxe4 Rxb6 39. Nc4 Ra6 40.
Nxa3 Rxa3 41. Ra4 1-0

[Event "12. Open Internacional C. A. Villaverde"]
[Site "Madrid ESP"]
[Date "2010.04.19"]
[Round "1.8"]
[White "Martinez Miura, Enrique"]
[Black "Iagar, Razvan-Gabriel"]
[Result "0-1"]
[WhiteElo "1724"]
[BlackElo "2013"]
[PlyCount "42"]
[EventDate "2010.04.19"]
[EventType "swiss"]
[EventRounds "8"]
[EventCountry "ESP"]
[Source "lmi"]
[SourceDate "2010.04.19"]

1. e4 e6 2. d4 d5 3. Nc3 Nf6 4. e5 Nfd7 5. f4 c5 6. Nf3 Nc6 7. Be3 cxd4 8. Nxd4
Bc5 9. Nxc6 bxc6 10. Bxc5 Nxc5 11. Bd3 O-O 12. Qd2 Rb8 13. Rb1 Qb6 14. Qf2
Nxd3+ 15. cxd3 Ba6 16. Qxb6 Rxb6 17. Kd2 Rb4 18. g3 Rd4 19. Ne2 Rxd3+ 20. Kc2
Re3 21. Rhe1 Rxe2+ 0-1

[Event "12. Open Internacional C. A. Villaverde"]
[Site "Madrid ESP"]
[Date "2010.04.19"]
[Round "1.9"]
[White "Cruz Monzon, Jose"]
[Black "Gutierrez Garcia, Alberto"]
[Result "1-0"]
[WhiteElo "2010"]
[BlackElo "1722"]
[PlyCount "71"]
[EventDate "2010.04.19"]
[EventType "swiss"]
[EventRounds "8"]
[EventCountry "ESP"]
[Source "lmi"]
[SourceDate "2010.04.19"]

1. d4 d5 2. c4 e6 3. Nc3 Nf6 4. Bg5 Be7 5. Nf3 O-O 6. e3 Nbd7 7. Qc2 h6 8. h4
b6 9. Be2 Bb7 10. Bxf6 Nxf6 11. O-O-O c5 12. Ne5 Rc8 13. g4 cxd4 14. Rxd4 Qc7
15. g5 Qxe5 16. gxf6 Bxf6 17. Rg1 Qh2 18. Rdg4 Qxf2 19. Qd2 dxc4 20. Rf1 Qh2
21. Rxf6 Rfd8 22. Qe1 Qe5 23. Qf2 Kh8 24. Rxf7 Rc7 25. Qf4 Qxf4 26. Rgxf4 Rdc8
27. Rxc7 Rxc7 28. Bxc4 e5 29. Rf8+ Kh7 30. Bd3+ e4 31. Bc2 g5 32. hxg5 hxg5 33.
Re8 Kg6 34. Nxe4 Bxe4 35. Rxe4 Kf5 36. Rc4+ 1-0

[Event "12. Open Internacional C. A. Villaverde"]
[Site "Madrid ESP"]
[Date "2010.04.19"]
[Round "1.10"]
[White "Garcia-Ines Sanchez, Gustavo"]
[Black "Lopez Heras, Arturo"]
[Result "0-1"]
[WhiteElo "1719"]
[BlackElo "2001"]
[PlyCount "32"]
[EventDate "2010.04.19"]
[EventType "swiss"]
[EventRounds "8"]
[EventCountry "ESP"]
[Source "lmi"]
[SourceDate "2010.04.19"]

1. e4 e5 2. Nf3 Nc6 3. Bb5 f5 4. Nc3 fxe4 5. Nxe4 Nf6 6. Bxc6 dxc6 7. Nxf6+
Qxf6 8. O-O Bd6 9. d4 e4 10. Ng5 Bf5 11. Re1 O-O 12. Qe2 Rae8 13. g4 Bxg4 14.
Qe3 h6 15. Nxe4 Rxe4 16. Qb3+ Be6 0-1

[Event "12. Open Internacional C. A. Villaverde"]
[Site "Madrid ESP"]
[Date "2010.04.19"]
[Round "1.11"]
[White "Gomez Ferrer, Jesus"]
[Black "Hernandez Mateo, Javier"]
[Result "1/2-1/2"]
[WhiteElo "1996"]
[BlackElo "1696"]
[PlyCount "80"]
[EventDate "2010.04.19"]
[EventType "swiss"]
[EventRounds "8"]
[EventCountry "ESP"]
[Source "lmi"]
[SourceDate "2010.04.19"]

1. e4 c5 2. d4 cxd4 3. c3 dxc3 4. Nxc3 Nc6 5. Nf3 d6 6. Bc4 g6 7. Bf4 Bg4 8.
Qb3 e6 9. Qxb7 Qc8 10. Qxc8+ Rxc8 11. Nd2 Nd4 12. Bb5+ Kd8 13. Ba4 e5 14. Be3
Nc6 15. Bxc6 Rxc6 16. Bxa7 f5 17. h3 Bh5 18. g3 Bh6 19. Be3 Bxe3 20. fxe3 Ne7
21. O-O Ke8 22. a4 Rf8 23. a5 Nc8 24. a6 Na7 25. Ra3 Ke7 26. b4 Rfc8 27. Ndb1
Ke6 28. b5 Rb6 29. Rb3 Rcb8 30. Nd2 Rc8 31. Rfb1 Rc5 32. Nd5 Rbxb5 33. Rxb5
Nxb5 34. Rxb5 Rc1+ 35. Kf2 Rc2 36. Ke1 Rc1+ 37. Kf2 Rc2 38. a7 Rxd2+ 39. Ke1
Rd1+ 40. Kf2 Rd2+ 1/2-1/2

[Event "12. Open Internacional C. A. Villaverde"]
[Site "Madrid ESP"]
[Date "2010.04.19"]
[Round "1.12"]
[White "Benito Mellado, Humberto"]
[Black "Cano Cabanillas, Javier"]
[Result "0-1"]
[WhiteElo "1648"]
[BlackElo "1966"]
[PlyCount "76"]
[EventDate "2010.04.19"]
[EventType "swiss"]
[EventRounds "8"]
[EventCountry "ESP"]
[Source "lmi"]
[SourceDate "2010.04.19"]

1. d4 Nf6 2. c4 e5 3. dxe5 Ng4 4. Bf4 Nc6 5. Nf3 Bb4+ 6. Nbd2 Qe7 7. a3 Ngxe5
8. Nxe5 Nxe5 9. Bxe5 Bxd2+ 10. Qxd2 Qxe5 11. g3 O-O 12. Bg2 d6 13. O-O Be6 14.
Rac1 Rad8 15. Rfd1 b6 16. Rc3 Rfe8 17. h3 Bd7 18. Re3 Qh5 19. g4 Qh4 20. Rxe8+
Rxe8 21. e4 h5 22. f3 Ba4 23. Rc1 hxg4 24. fxg4 Bc6 25. Qf4 Re5 26. b4 Qe7 27.
Re1 Qe6 28. Kf2 Qxc4 29. Rc1 Qd4+ 30. Qe3 Qxe3+ 31. Kxe3 Bxe4 32. Bxe4 d5 33.
Kd4 Rxe4+ 34. Kxd5 Re3 35. Rxc7 Rxa3 36. h4 Ra4 37. b5 a6 38. Ra7 axb5 0-1

[Event "12. Open Internacional C. A. Villaverde"]
[Site "Madrid ESP"]
[Date "2010.04.19"]
[Round "1.14"]
[White "Cortijo Manso, Luis"]
[Black "Perez Cameselle, Francisco"]
[Result "0-1"]
[WhiteElo "1614"]
[BlackElo "1958"]
[PlyCount "50"]
[EventDate "2010.04.19"]
[EventType "swiss"]
[EventRounds "8"]
[EventCountry "ESP"]
[Source "lmi"]
[SourceDate "2010.04.19"]

1. e4 e6 2. d4 d5 3. Nd2 dxe4 4. Nxe4 Nd7 5. Nf3 Ngf6 6. Bd3 c5 7. Nxf6+ Nxf6
8. O-O cxd4 9. Nxd4 Be7 10. Nf3 O-O 11. b3 b6 12. Bb2 Bb7 13. Qe2 Qc7 14. Rac1
Rfd8 15. Ba6 Bxa6 16. Qxa6 Ne4 17. Qe2 Nc3 18. Bxc3 Qxc3 19. Qe5 Rac8 20. Qxc3
Rxc3 21. Rfd1 Rxd1+ 22. Rxd1 Rxc2 23. a4 g6 24. g3 Bc5 25. Rd2 Rc3 0-1

[Event "12. Open Internacional C. A. Villaverde"]
[Site "Madrid ESP"]
[Date "2010.04.19"]
[Round "1.15"]
[White "Vidaurre Vargas, Luis"]
[Black "Urena Castellanos, Antonio"]
[Result "1-0"]
[WhiteElo "1945"]
[BlackElo "1613"]
[PlyCount "51"]
[EventDate "2010.04.19"]
[EventType "swiss"]
[EventRounds "8"]
[EventCountry "ESP"]
[Source "lmi"]
[SourceDate "2010.04.19"]

1. d4 f5 2. c4 Nf6 3. Nc3 d6 4. Nf3 e6 5. Bf4 Be7 6. e3 O-O 7. Bd3 a6 8. O-O b5
9. a3 bxc4 10. Bxc4 d5 11. Bd3 Nbd7 12. Rc1 c5 13. Ng5 Nb6 14. dxc5 Bxc5 15.
Nb5 axb5 16. Rxc5 Na4 17. Rxb5 Bd7 18. Rb4 h6 19. Nxe6 Bxe6 20. Rxa4 Qb6 21. b4
g5 22. Be5 Nd7 23. Bd4 Qc6 24. Rxa8 Rxa8 25. Qh5 Kh7 26. Bxf5+ 1-0

[Event "12. Open Internacional C. A. Villaverde"]
[Site "Madrid ESP"]
[Date "2010.04.19"]
[Round "1.16"]
[White "Jimenez Vera, Ruben"]
[Black "Tirado Parra, Alberto"]
[Result "0-1"]
[WhiteElo "1587"]
[BlackElo "1943"]
[PlyCount "48"]
[EventDate "2010.04.19"]
[EventType "swiss"]
[EventRounds "8"]
[EventCountry "ESP"]
[Source "lmi"]
[SourceDate "2010.04.19"]

1. d4 d5 2. c4 e6 3. Nf3 Nf6 4. Nc3 dxc4 5. e4 Bb4 6. Bg5 h6 7. Bxf6 Qxf6 8.
Bxc4 O-O 9. Qb3 c5 10. e5 Qg6 11. O-O Bd7 12. a3 Bxc3 13. bxc3 Bc6 14. d5 exd5
15. Bxd5 Nd7 16. Rad1 c4 17. Qxc4 Nb6 18. Qc5 Bxd5 19. Rxd5 Rac8 20. Qd6 Nxd5
21. Qxd5 Rxc3 22. Re1 Rfc8 23. Nh4 Rc1 24. Rd1 Qe4 0-1

[Event "12. Open Internacional C. A. Villaverde"]
[Site "Madrid ESP"]
[Date "2010.04.19"]
[Round "1.18"]
[White "Hernandez Mateo, Borja"]
[Black "Ruiz Quevedo, Andres"]
[Result "0-1"]
[WhiteElo "1565"]
[BlackElo "1918"]
[PlyCount "46"]
[EventDate "2010.04.19"]
[EventType "swiss"]
[EventRounds "8"]
[EventCountry "ESP"]
[Source "lmi"]
[SourceDate "2010.04.19"]

1. e4 c5 2. Nf3 g6 3. d4 cxd4 4. Nxd4 Nc6 5. Be3 Nf6 6. Nc3 Bg7 7. Be2 O-O 8.
O-O d5 9. exd5 Nxd5 10. Nxc6 bxc6 11. Nxd5 cxd5 12. c3 a5 13. Bb5 Rb8 14. Qa4
Qc7 15. Rfe1 Qb7 16. c4 dxc4 17. Bxc4 Qxb2 18. Rab1 Qxb1 19. Rxb1 Rxb1+ 20. Bf1
Ba6 21. g3 Bxf1 22. Qa3 Bh3+ 23. Bc1 Rc8 0-1

[Event "12. Open Internacional C. A. Villaverde"]
[Site "Madrid ESP"]
[Date "2010.04.19"]
[Round "1.19"]
[White "Lozano Sanchez, Jose Antonio"]
[Black "Martin Rodriguez, Jose L"]
[Result "1-0"]
[WhiteElo "1913"]
[BlackElo "1510"]
[PlyCount "103"]
[EventDate "2010.04.19"]
[EventType "swiss"]
[EventRounds "8"]
[EventCountry "ESP"]
[Source "lmi"]
[SourceDate "2010.04.19"]

1. e4 e6 2. Nf3 d5 3. exd5 exd5 4. d4 Nf6 5. Bf4 Bd6 6. Be3 Bf5 7. Nbd2 O-O 8.
Be2 Nc6 9. Nh4 Bg6 10. Nxg6 fxg6 11. O-O Qd7 12. c3 Ne7 13. Nf3 Ne4 14. Ng5
Nxg5 15. Bxg5 h5 16. Qc2 Nf5 17. Rae1 Rae8 18. Bd3 Qf7 19. Re2 c6 20. Rfe1 Rxe2
21. Qxe2 Kh7 22. h3 Bc7 23. Qe6 Nd6 24. Qe2 Ne4 25. Be3 Re8 26. Qc2 Bf4 27. Re2
Ng3 28. Re1 Bxe3 29. Rxe3 Rxe3 30. fxe3 Qe6 31. Qf2 Ne4 32. Qf3 Qf5 33. Bxe4
dxe4 34. Qf2 Qxf2+ 35. Kxf2 g5 36. c4 Kg6 37. g4 h4 38. b4 Kf6 39. Ke2 Ke6 40.
Kd2 b6 41. Kc3 a6 42. a4 Kd6 43. c5+ bxc5 44. dxc5+ Kd5 45. Kb3 Ke6 46. Kc4 g6
47. b5 Kd7 48. bxa6 Kc7 49. Kd4 Kb8 50. Kxe4 Ka7 51. Ke5 Kxa6 52. Kd6 1-0

[Event "12. Open Internacional C. A. Villaverde"]
[Site "Madrid ESP"]
[Date "2010.04.20"]
[Round "2.1"]
[White "Baeza Escudero, Javier"]
[Black "Gemy, Jose Daniel"]
[Result "0-1"]
[WhiteElo "1964"]
[BlackElo "2215"]
[PlyCount "92"]
[EventDate "2010.04.19"]
[EventType "swiss"]
[EventRounds "8"]
[EventCountry "ESP"]
[Source "lmi"]
[SourceDate "2010.04.19"]

1. e4 c5 2. Nf3 Nc6 3. d4 cxd4 4. Nxd4 e5 5. Nb5 d6 6. c4 a6 7. N5c3 Be6 8. Be3
Nf6 9. Be2 Be7 10. O-O O-O 11. Nd2 Rc8 12. Nb3 Na5 13. Nxa5 Qxa5 14. Nd5 Bxd5
15. exd5 b5 16. cxb5 axb5 17. Qb3 b4 18. Rfd1 Bd8 19. a3 Rb8 20. Rac1 Be7 21.
a4 Rfc8 22. Bb5 Ne4 23. f3 Rxc1 24. Rxc1 Nc5 25. Bxc5 dxc5 26. Qe3 Qc7 27. b3
Bd6 28. Rc4 f5 29. Rh4 Be7 30. Bc4 Kh8 31. Rh5 Rf8 32. Qd3 g6 33. Rh3 Kg7 34.
Qd2 h5 35. g4 h4 36. d6 Qd8 37. gxf5 Bxd6 38. fxg6 Rf4 39. Bf7 c4 40. Qf2 c3
41. Bc4 Qe7 42. Qc2 Bc5+ 43. Kf1 Qg5 44. Ke1 Rxc4 45. bxc4 Qg1+ 46. Ke2 Qf2+
0-1

[Event "12. Open Internacional C. A. Villaverde"]
[Site "Madrid ESP"]
[Date "2010.04.20"]
[Round "2.2"]
[White "Ramirez Garcia, Jorge Alberto"]
[Black "Vidaurre Vargas, Luis"]
[Result "1-0"]
[WhiteElo "2185"]
[BlackElo "1945"]
[PlyCount "50"]
[EventDate "2010.04.19"]
[EventType "swiss"]
[EventRounds "8"]
[EventCountry "ESP"]
[Source "lmi"]
[SourceDate "2010.04.19"]

1. e4 c5 2. Nc3 Nc6 3. g3 Nf6 4. Bg2 d6 5. d3 g6 6. f4 Bg7 7. Nf3 O-O 8. O-O h6
9. h3 e5 10. Be3 b6 11. Ne2 Bb7 12. Rf2 Qc7 13. Qd2 Kh7 14. Raf1 Ng8 15. f5 g5
16. h4 g4 17. f6 Nxf6 18. Nh2 Qe7 19. Nc3 Nh5 20. Nxg4 Nxg3 21. Nf6+ Bxf6 22.
Nd5 Nxf1 23. Rxf1 Qe6 24. Rxf6 Qd7 25. Bxc5 bxc5 1-0

[Event "12. Open Internacional C. A. Villaverde"]
[Site "Madrid ESP"]
[Date "2010.04.20"]
[Round "2.3"]
[White "Lopez Heras, Arturo"]
[Black "Lopez De Turiso, Jose Angel"]
[Result "0-1"]
[WhiteElo "2001"]
[BlackElo "2118"]
[PlyCount "58"]
[EventDate "2010.04.19"]
[EventType "swiss"]
[EventRounds "8"]
[EventCountry "ESP"]
[Source "lmi"]
[SourceDate "2010.04.19"]

1. e4 e5 2. f4 exf4 3. Nf3 d6 4. Bc4 Be6 5. Bxe6 fxe6 6. d4 Qf6 7. Nc3 Ne7 8.
O-O Nbc6 9. e5 dxe5 10. dxe5 Nxe5 11. Nxe5 Qxe5 12. Bxf4 Qc5+ 13. Kh1 Ng6 14.
Qe2 Nxf4 15. Rxf4 O-O-O 16. Qxe6+ Kb8 17. Re1 Bd6 18. Rf5 Qc6 19. Ref1 Rde8 20.
Qb3 Re3 21. R5f3 Rxf3 22. Rxf3 Re8 23. Rf1 a6 24. Nd5 Re2 25. c4 Qe8 26. Qd3
Rxb2 27. Qxh7 Qe2 28. Rg1 Bc5 29. Nc3 Qe3 0-1

[Event "12. Open Internacional C. A. Villaverde"]
[Site "Madrid ESP"]
[Date "2010.04.20"]
[Round "2.4"]
[White "Lopez-Andujar Ocaña, Antonio"]
[Black "Lozano Sanchez, Jose Antonio"]
[Result "1-0"]
[WhiteElo "2093"]
[BlackElo "1913"]
[PlyCount "151"]
[EventDate "2010.04.19"]
[EventType "swiss"]
[EventRounds "8"]
[EventCountry "ESP"]
[Source "lmi"]
[SourceDate "2010.04.19"]

1. e4 e5 2. f4 d5 3. exd5 exf4 4. Nf3 Qxd5 5. Nc3 Qd8 6. d4 Bd6 7. Bc4 Bg4 8.
O-O h6 9. Qe2+ Ne7 10. h3 Bh5 11. Nd5 Nbc6 12. c3 O-O 13. Nxf4 Bxf4 14. Bxf4
Nd5 15. Bxd5 Qxd5 16. Bxc7 Rfe8 17. Qd2 Re7 18. Bg3 Rae8 19. Rae1 Qxa2 20. Rxe7
Rxe7 21. d5 Rd7 22. d6 Qc4 23. Re1 Bxf3 24. Re8+ Kh7 25. gxf3 Qc5+ 26. Kg2 Qf5
27. Qe3 Qc2+ 28. Qe2 Qxe2+ 29. Rxe2 Kg6 30. b4 a6 31. c4 Kf6 32. Rb2 Ne5 33. c5
Nc6 34. b5 axb5 35. Rxb5 Ke6 36. Rb1 Kd5 37. Bf2 Ne5 38. Rd1+ Kc6 39. f4 Ng6
40. Kf3 Nf8 41. f5 g6 42. Ke4 gxf5+ 43. Kxf5 Ne6 44. Rc1 Kd5 45. h4 Kc6 46. Kf6
Kd5 47. Kf5 Kc6 48. Kg4 Kd5 49. Rc2 Ng7 50. Rd2+ Kc6 51. Rc2 Kd5 52. Rc1 Kc6
53. Be3 f5+ 54. Kf4 Kd5 55. Rc2 Ke6 56. Rg2 Nh5+ 57. Kf3 Rg7 58. Rxg7 Nxg7 59.
Bxh6 Nh5 60. Be3 Kd7 61. Bg1 b6 62. cxb6 Kxd6 63. Ke3 Kc6 64. Kd3 Nf4+ 65. Kc4
Nh5 66. Kb4 Ng3 67. Ka5 Kb7 68. Bf2 Ne4 69. h5 Nf6 70. h6 f4 71. Kb5 Nh7 72.
Kc4 Kc6 73. Kd3 Ng5 74. Ke2 f3+ 75. Ke3 Nh7 76. Kxf3 1-0

[Event "12. Open Internacional C. A. Villaverde"]
[Site "Madrid ESP"]
[Date "2010.04.20"]
[Round "2.5"]
[White "Cano Cabanillas, Javier"]
[Black "Vazquez Gonzalez, Jesus"]
[Result "0-1"]
[WhiteElo "1966"]
[BlackElo "2073"]
[PlyCount "72"]
[EventDate "2010.04.19"]
[EventType "swiss"]
[EventRounds "8"]
[EventCountry "ESP"]
[Source "lmi"]
[SourceDate "2010.04.19"]

1. e4 g6 2. d4 Bg7 3. Nc3 c5 4. dxc5 Qa5 5. Bd2 Qxc5 6. Nf3 a6 7. Bd3 e6 8. O-O
b5 9. a3 Bb7 10. Qe2 Ne7 11. Rad1 O-O 12. Be3 Qc7 13. Qd2 f5 14. Bf4 Qc5 15.
Be3 Qc6 16. exf5 Nxf5 17. Be4 d5 18. Bxf5 Rxf5 19. Nd4 Bxd4 20. Qxd4 Qc7 21.
Qg4 Nd7 22. Rfe1 Ne5 23. Qg3 Qf7 24. Bc1 Qf6 25. f4 Nc6 26. Qe3 d4 27. Qh3 dxc3
28. Rd7 Rh5 29. Rxe6 cxb2 30. Bxb2 Qxb2 31. Rxg6+ hxg6 32. Qe6+ Kh8 33. Qxg6
Qc1+ 34. Kf2 Qxf4+ 35. Ke1 Re5+ 36. Kd1 Qf1+ 0-1

[Event "12. Open Internacional C. A. Villaverde"]
[Site "Madrid ESP"]
[Date "2010.04.20"]
[Round "2.6"]
[White "Perez Cameselle, Francisco"]
[Black "Fuentes Arjona, Antonio"]
[Result "1-0"]
[WhiteElo "1958"]
[BlackElo "2019"]
[PlyCount "75"]
[EventDate "2010.04.19"]
[EventType "swiss"]
[EventRounds "8"]
[EventCountry "ESP"]
[Source "lmi"]
[SourceDate "2010.04.19"]

1. Nf3 d5 2. g3 Nf6 3. Bg2 g6 4. O-O d4 5. d3 Bg7 6. e4 c5 7. Nbd2 O-O 8. Qe2
Nc6 9. a4 Bg4 10. h3 Bxf3 11. Nxf3 Rc8 12. e5 Nd5 13. Re1 e6 14. Bd2 Qb6 15. b3
Nc3 16. Bxc3 dxc3 17. Qe4 Rc7 18. Qf4 a5 19. Re4 Nb4 20. Rc1 Nd5 21. Qh4 f6 22.
exf6 Bxf6 23. Qg4 Re7 24. Rce1 Nc7 25. h4 Kh8 26. R1e2 Ref7 27. h5 Rg8 28. hxg6
Rxg6 29. Qh3 Rfg7 30. Kf1 Rf7 31. Rg4 Rfg7 32. Rxg6 Rxg6 33. Ne5 Bxe5 34. Rxe5
Ne8 35. Be4 Rg7 36. Rxe6 Qd8 37. Qf5 Nd6 38. Qe5 1-0

[Event "12. Open Internacional C. A. Villaverde"]
[Site "Madrid ESP"]
[Date "2010.04.20"]
[Round "2.8"]
[White "Tirado Parra, Alberto"]
[Black "Cruz Monzon, Jose"]
[Result "1/2-1/2"]
[WhiteElo "1943"]
[BlackElo "2010"]
[PlyCount "50"]
[EventDate "2010.04.19"]
[EventType "swiss"]
[EventRounds "8"]
[EventCountry "ESP"]
[Source "lmi"]
[SourceDate "2010.04.19"]

1. e4 c5 2. Nc3 Nc6 3. g3 e6 4. Bg2 g6 5. f4 Bg7 6. Nf3 Nge7 7. O-O O-O 8. d3
d5 9. Kh1 a6 10. Ne2 Qc7 11. Be3 b6 12. c3 Bb7 13. Qe1 dxe4 14. dxe4 Rad8 15.
e5 Rd3 16. Bg1 Rfd8 17. Ng5 Na5 18. Ne4 Nf5 19. g4 Ne3 20. Bxe3 Rxe3 21. Nd6
Bxg2+ 22. Kxg2 Qc6+ 23. Kg1 Nb7 24. Nxb7 Qxb7 25. Rd1 Red3 1/2-1/2

[Event "12. Open Internacional C. A. Villaverde"]
[Site "Madrid ESP"]
[Date "2010.04.20"]
[Round "2.9"]
[White "Ruiz Quevedo, Andres"]
[Black "Alvarez Gonzalez, Eduardo"]
[Result "1/2-1/2"]
[WhiteElo "1918"]
[BlackElo "1884"]
[PlyCount "116"]
[EventDate "2010.04.19"]
[EventType "swiss"]
[EventRounds "8"]
[EventCountry "ESP"]
[Source "lmi"]
[SourceDate "2010.04.19"]

1. c4 e5 2. g3 Bc5 3. Bg2 Nc6 4. Nc3 Nf6 5. Nf3 O-O 6. O-O a6 7. Nxe5 Nxe5 8.
d4 Nxc4 9. dxc5 Qe7 10. Qd4 Ne5 11. Bg5 Nc6 12. Bxc6 dxc6 13. Bxf6 Qxf6 14.
Qxf6 gxf6 15. Rfd1 Be6 16. Rd2 Rad8 17. Rad1 Rxd2 18. Rxd2 f5 19. b3 Kg7 20. e3
Kf6 21. Kg2 Re8 22. Kf3 h6 23. Rd4 Kg5 24. h4+ Kf6 25. Ke2 Rg8 26. Kd2 Ke7 27.
Ne2 Bd5 28. Nf4 Rd8 29. Kc3 Kf6 30. b4 Ke5 31. Nd3+ Kf6 32. a3 Rg8 33. Nf4 Ke5
34. Ne2 Re8 35. Rf4 Rd8 36. Rd4 Rg8 37. Kd2 Re8 38. Rf4 Rd8 39. Nd4 Be6 40. Kc3
Rd5 41. Nf3+ Kf6 42. Rd4 Ke7 43. Ne1 Kf6 44. Nd3 Rd7 45. Rxd7 Bxd7 46. Kd4 Be6
47. Ne5 Ba2 48. Nc4 Bxc4 49. Kxc4 Ke5 50. f3 h5 51. a4 b5+ 52. cxb6 cxb6 53. a5
bxa5 54. bxa5 Kd6 55. e4 fxe4 56. fxe4 f6 57. Kd4 c5+ 58. Kc4 Kc6 1/2-1/2

[Event "12. Open Internacional C. A. Villaverde"]
[Site "Madrid ESP"]
[Date "2010.04.20"]
[Round "2.10"]
[White "Benitez Cadenas, Luis Miguel"]
[Black "Garcia Diaz, Victor Manuel"]
[Result "0-1"]
[WhiteElo "1770"]
[BlackElo "2095"]
[PlyCount "102"]
[EventDate "2010.04.19"]
[EventType "swiss"]
[EventRounds "8"]
[EventCountry "ESP"]
[Source "lmi"]
[SourceDate "2010.04.19"]

1. c4 c6 2. g3 d5 3. Bg2 Nf6 4. Nf3 dxc4 5. Qc2 b5 6. a4 Bb7 7. Ne5 Qc7 8. f4
e6 9. b3 cxb3 10. Qxb3 a6 11. Ba3 c5 12. O-O Bxg2 13. Kxg2 b4 14. Bb2 Be7 15.
Qf3 Ra7 16. Rc1 Qb7 17. d4 Qxf3+ 18. Nxf3 Rc7 19. dxc5 Rxc5 20. Nbd2 O-O 21.
Rxc5 Bxc5 22. Nb3 Be7 23. Rc1 Rd8 24. Rc7 Nd5 25. Rb7 h6 26. Ne5 f6 27. Nc4 Bf8
28. Nd4 Re8 29. Kf3 e5 30. fxe5 fxe5 31. Nxe5 Rxe5 32. Rxb8 Kf7 33. Nc6 Re3+
34. Kf2 Bc5 35. Bd4 Bxd4 36. Nxd4 Ra3 37. e4 Nf6 38. Rb7+ Kg6 39. Rb6 Kh5 40.
Nf5 Nxe4+ 41. Kg1 Kg4 42. Nxg7 Kf3 43. h4 b3 44. Nf5 Ra1+ 45. Kh2 Ra2+ 46. Kg1
b2 47. Rb3+ Kg4 48. Ne3+ Kh3 49. g4 Kxh4 50. Ng2+ Kg5 51. Kh2 Nd2 0-1

[Event "12. Open Internacional C. A. Villaverde"]
[Site "Madrid ESP"]
[Date "2010.04.20"]
[Round "2.11"]
[White "Martin Rodriguez, Emilio"]
[Black "Garcia Lopez, Fernando"]
[Result "1-0"]
[WhiteElo "2071"]
[BlackElo "1660"]
[PlyCount "45"]
[EventDate "2010.04.19"]
[EventType "swiss"]
[EventRounds "8"]
[EventCountry "ESP"]
[Source "lmi"]
[SourceDate "2010.04.19"]

1. d4 Nf6 2. c4 e6 3. Nc3 c5 4. d5 exd5 5. cxd5 d6 6. e4 g6 7. f4 Bg7 8. e5
dxe5 9. fxe5 Nh5 10. Bb5+ Nd7 11. e6 Qh4+ 12. g3 Nxg3 13. hxg3 Qxh1 14. exd7+
Bxd7 15. Bxd7+ Kxd7 16. Qg4+ f5 17. Qa4+ Kc8 18. Be3 Bxc3+ 19. bxc3 Qxd5 20.
Kf2 b6 21. Rd1 Qb7 22. Rd6 a5 23. Rc6+ 1-0